[Event "AUTO-INT-2605"]
[Site "http://www.queenalice.com/game.php?id=1170315"]
[Date "2013.4.11"]
[Round "1"]
[White "GiulioTorino"]
[Black "mizuta"]
[Result "1-0"]
[WhiteElo "1687"]
[BlackElo "1447"]

1. e4 d5 2. exd5 Qxd5 3. Nc3 Qe6+ 4. Be2 b6 5. d3 Bb7 6. f3 Nf6 7. h3 Nh5 8. f4
Bxg2 9. Rh2 Bc6 10. Ne4 Bxe4 11. dxe4 Qxe4 12. b3 g6 13. Bb2 f6 14. Qd3 Qxf4 15.
Rd1 Na6 16. Qxa6 Qxh2 17. Nf3 Qxh3 18. Qb7 Rc8 19. Qc6+ Kf7 20. Bc4+ e6 21. Rd7+
Ke8 22. Rxc7+ 1-0

[Event "AUTO-INT-2621"]
[Site "http://www.queenalice.com/game.php?id=1176324"]
[Date "2013.4.28"]
[Round "1"]
[White "mizuta"]
[Black "Bennedyttas"]
[Result "1-0"]
[WhiteElo "1414"]
[BlackElo "1258"]

1. e4 e5 2. d3 c5 3. Nf3 Be7 4. Nxe5 Nf6 5. b3 d6 6. Nf3 O-O 7. Bb2 Ng4 8. h3
Ne3 9. fxe3 Qa5+ 10. Bc3 Qb6 11. e5 f6 12. exf6 gxf6 13. Nh4 d5 14. Nf5 Bd8 15.
Qg4+ Kf7 16. Qg7+ Ke8 17. Qxh7 Nd7 18. Be2 Ne5 19. Bh5+ Nf7 20. O-O a5 21. Nd2
Qe6 22. e4 dxe4 23. dxe4 Bc7 24. Nf3 Qxe4 25. Rae1 Kd7 26. Rxe4 Kc6 27. Bxf7 Rd8
28. Bxf6 Rf8 29. Qg7 Bxf5 30. Re7 Rfd8 31. Qg5 Bxc2 32. Ne5+ Kb6 33. Nc4+ Ka7
34. Qxc5+ b6 35. Rxc7+ Kb8 36. Qxb6# 1-0

[Event "AUTO-INT-2621"]
[Site "http://www.queenalice.com/game.php?id=1176339"]
[Date "2013.4.28"]
[Round "1"]
[White "mizuta"]
[Black "guy92"]
[Result "0-1"]
[WhiteElo "1412"]
[BlackElo "1724"]

1. e4 e5 2. Nf3 Nc6 3. b3 Nf6 4. d3 Bc5 5. Bb2 d6 6. Nbd2 Bg4 7. h3 Bxf3 8. Nxf3
Qe7 9. Qd2 O-O 10. O-O-O Rad8 11. c3 d5 12. exd5 Rxd5 13. c4 Rdd8 14. g4 Ne4 15.
Qe2 Nxf2 16. Bxe5 Nxh1 17. Bg2 Nf2 18. d4 Ba3+ 19. Kd2 Nxd1 20. Kxd1 Rfe8 21. g5
Nxe5 22. Nxe5 Rxd4+ 23. Ke1 Qxe5 24. Qxe5 Rxe5+ 25. Kf2 Rd2+ 26. Kf3 Rxa2 27. h4
Bc5 28. Bh3 Ra3 29. Kf4 Bd4 30. Bc8 Rxb3 31. h5 Rb1 32. Bxb7 Rxb7 33. h6 Rb1 34.
hxg7 Rf1+ 35. Kg4 Kxg7 0-1

[Event "AUTO-INT-2621"]
[Site "http://www.queenalice.com/game.php?id=1176340"]
[Date "2013.4.28"]
[Round "1"]
[White "guy92"]
[Black "mizuta"]
[Result "1-0"]
[WhiteElo "1591"]
[BlackElo "1442"]

1. d4 d5 2. c4 dxc4 3. Nc3 Nc6 4. d5 Nb4 5. Qa4+ Bd7 6. Qxb4 g6 7. Qxc4 Bg7 8.
Nf3 a6 9. e4 b5 10. Qb3 c5 11. dxc6 Bxc6 12. Ng5 e6 13. Be3 Nf6 14. Nxe6 Qa5 15.
Nxg7+ Kf8 16. Ne6+ Ke7 17. Bc5+ Kd7 18. O-O-O+ Kc8 19. Nd4 Nxe4 20. Nxc6 Qc7 21.
Ne7+ Kb7 22. Qd5+ Kb8 23. Nxe4 Ra7 24. Nc6+ Kc8 25. Nxa7+ Kb8 26. Nc6+ Kc8 27.
Nd6+ Kd7 28. Nxb5+ Kc8 29. Nxc7 Kxc7 30. Qd7# 1-0

[Event "AUTO-INT-2621"]
[Site "http://www.queenalice.com/game.php?id=1176341"]
[Date "2013.4.28"]
[Round "1"]
[White "mizuta"]
[Black "Modaste"]
[Result "0-1"]
[WhiteElo "1406"]
[BlackElo "1812"]

1. e4 e5 2. Nf3 Nc6 3. b3 Bc5 4. Bb2 d6 5. Bc4 Nge7 6. Ng5 O-O 7. Qf3 Qe8 8. Qh5
h6 9. Nxf7 Rxf7 10. Bxf7+ Qxf7 11. Qxf7+ Kxf7 12. d3 Be6 13. Nc3 Nd4 14. O-O
Nxc2 15. Rad1 a6 16. Na4 Ba7 17. Rc1 Nb4 18. Rfd1 c5 19. Bc3 Nxa2 20. Rc2 Bxb3
21. Rxa2 Bxd1 22. Rb2 Bxa4 23. Rxb7 Bc6 24. Rd7 Bxd7 25. Ba5 Rb8 26. Bc7 Rb1#
0-1

[Event "AUTO-INT-2621"]
[Site "http://www.queenalice.com/game.php?id=1176342"]
[Date "2013.4.28"]
[Round "1"]
[White "Modaste"]
[Black "mizuta"]
[Result "1-0"]
[WhiteElo "1808"]
[BlackElo "1408"]

1. g3 e5 2. Bg2 c6 3. Nc3 d5 4. d4 e4 5. e3 Nf6 6. Bd2 Bg4 7. Nge2 g6 8. h3 Be6
9. Nf4 Bh6 10. Nxe6 fxe6 11. Qe2 O-O 12. g4 Qb6 13. O-O-O Qa5 14. h4 g5 15. hxg5
Bxg5 16. Kb1 Na6 17. Nxe4 Nb4 18. Bxb4 Qxb4 19. Nxg5 a5 20. Rh6 Kg7 21. Rdh1 Rh8
22. Nxe6+ Kg8 23. Rxf6 Qe7 24. Qf3 h6 25. Rg6+ Kh7 26. Rhxh6# 1-0

[Event "Caelum"]
[Site "http://www.queenalice.com/game.php?id=1177819"]
[Date "2013.5.2"]
[Round "2"]
[White "srsaude"]
[Black "mizuta"]
[Result "0-1"]
[WhiteElo "1396"]
[BlackElo "1453"]

1. e4 e5 2. Nf3 Nf6 3. Nc3 d6 4. d4 Nc6 5. d5 g6 6. dxc6 bxc6 7. Bg5 Bg7 8. Bc4
O-O 9. Qd2 h6 10. Bxf6 Qxf6 11. h4 h5 12. Ng5 Be6 13. Bxe6 fxe6 0-1

[Event "Let's Play Chess!"]
[Site "http://www.queenalice.com/game.php?id=1198106"]
[Date "2013.7.9"]
[Round "-"]
[White "carlosufpe"]
[Black "mizuta"]
[Result "0-1"]
[WhiteElo "1581"]
[BlackElo "1431"]

1. e3 d5 2. d4 Nf6 3. b3 Nc6 4. Bb2 g6 5. Bb5 Qd6 6. Bxc6+ Qxc6 7. Nf3 Bg4 8.
Nbd2 Qa6 9. c4 e6 10. O-O Bh6 11. Qc2 O-O 12. Ne5 Qa5 13. Nxg4 Nxg4 14. cxd5
Nxe3 15. fxe3 Bxe3+ 16. Kh1 Bxd2 17. dxe6 fxe6 18. a3 Qa6 19. Rxf8+ Rxf8 20. Qc4
Qd6 21. Bc3 Bf4 22. Bb4 Qd8 23. Bxf8 Qxf8 24. Qxe6+ Qf7 25. Qxf7+ Kxf7 26. Rd1
c6 27. b4 Bd6 28. g3 h5 29. Kg2 Ke6 30. Kf3 Kf5 31. h3 b6 32. d5 c5 33. bxc5
bxc5 34. a4 g5 35. Rd3 g4+ 36. hxg4+ hxg4+ 37. Kg2 Ke4 38. Rd1 c4 39. a5 a6 40.
Kf2 c3 41. Rc1 Kd4 0-1

[Event "Challenge"]
[Site "http://www.queenalice.com/game.php?id=1199356"]
[Date "2013.7.13"]
[Round "-"]
[White "Luan7789101"]
[Black "mizuta"]
[Result "0-1"]
[WhiteElo "1192"]
[BlackElo "1424"]

1. e4 d5 2. Nc3 d4 3. Nce2 e5 4. Nf3 Nc6 5. d3 Nf6 6. Bg5 h6 7. Bxf6 Qxf6 8. h4
Bg4 9. Nc1 O-O-O 10. Nb3 b6 11. Be2 Bb4+ 12. Nfd2 Bxe2 13. Qxe2 Qg6 14. O-O Be7
15. h5 Qg5 16. g3 Nb4 17. c3 Nc2 18. Rac1 Ne3 19. Rfe1 Ng4 20. f3 Ne3 21. Qh2 a5
22. a4 Bd6 23. Qh4 f6 24. cxd4 exd4 25. Qxg5 hxg5 26. Nxd4 Bxg3 27. Rxe3 Rxd4
28. Nb3 Rxa4 29. d4 Rxh5 30. Rec3 Rh2 31. Rxc7+ Bxc7 32. Rxc7+ Kxc7 33. Kxh2 Rb4
34. Nc1 Rxb2+ 35. Kg3 a4 36. d5 a3 37. f4 gxf4+ 38. Kxf4 a2 39. Nxa2 Rxa2 40. e5
Rf2+ 41. Ke4 Re2+ 42. Kd4 fxe5+ 43. Kc4 e4 44. d6+ Kxd6 45. Kb5 Rb2+ 46. Kc4 e3
47. Kc3 Rd2 48. Kb4 e2 49. Kb5 e1=Q 50. Kxb6 Qb1+ 51. Ka7 Ra2# 0-1

[Event "AUTO-INT-2703"]
[Site "http://www.queenalice.com/game.php?id=1208633"]
[Date "2013.8.16"]
[Round "1"]
[White "mizuta"]
[Black "leonardo_assumpcao"]
[Result "0-1"]
[WhiteElo "1425"]
[BlackElo "1440"]

1. e4 e5 2. Nf3 Nc6 3. d3 Nf6 4. Nc3 d5 5. Be2 d4 6. Nd5 Nxd5 7. exd5 Qxd5 8.
Bd2 Be7 9. O-O O-O 10. c4 Qe6 11. Rc1 Qg6 12. Qb3 Bh3 13. Ne1 f5 14. f4 Bh4 15.
Bf3 e4 16. dxe4 fxe4 0-1

[Event "AUTO-INT-2703"]
[Site "http://www.queenalice.com/game.php?id=1208634"]
[Date "2013.8.16"]
[Round "1"]
[White "leonardo_assumpcao"]
[Black "mizuta"]
[Result "1-0"]
[WhiteElo "1392"]
[BlackElo "1425"]

1. d4 d5 2. c4 dxc4 3. e4 e6 4. Bxc4 Nc6 5. Nf3 Bb4+ 6. Nc3 e5 7. d5 Na5 8. Bb5+
c6 9. Be2 Nf6 10. Bg5 cxd5 11. O-O d4 12. Qa4+ Bd7 13. Qxb4 h6 14. Bxf6 gxf6 15.
Nd5 b6 16. Qd6 Nb7 17. Nxf6+ 1-0

[Event "AUTO-INT-2703"]
[Site "http://www.queenalice.com/game.php?id=1208637"]
[Date "2013.8.16"]
[Round "1"]
[White "mizuta"]
[Black "MarceloLopes"]
[Result "0-1"]
[WhiteElo "1467"]
[BlackElo "1399"]

1. e4 e5 2. Nf3 d6 3. c3 Bg4 4. h3 Bh5 5. g4 Bg6 6. Bd3 Nf6 7. Ng5 d5 8. f3 dxe4
9. Bxe4 Nxe4 10. Nxe4 Nc6 11. d3 Be7 12. Nbd2 Qxd3 13. Nf2 Bh4 14. Qb3 Qe3+ 15.
Kd1 Qxf2 16. Qxb7 O-O 17. Qxc6 Rfd8 18. Qxc7 Qxf3# 0-1

[Event "AUTO-INT-2703"]
[Site "http://www.queenalice.com/game.php?id=1208638"]
[Date "2013.8.16"]
[Round "1"]
[White "MarceloLopes"]
[Black "mizuta"]
[Result "1-0"]
[WhiteElo "1509"]
[BlackElo "1438"]

1. e4 d5 2. d3 d4 3. Na3 e5 4. Nc4 Nc6 5. Nf3 b5 6. Ncxe5 Nxe5 7. Nxe5 Qd6 8.
Bf4 f6 9. Nf7 Qxf4 10. Nxh8 Bb7 11. Qh5+ g6 12. Nxg6 hxg6 13. Qxg6+ Ke7 14. Qxg8
Re8 15. Qh7+ Kd8 16. g3 Qf3 17. Rg1 f5 18. Qxf5 Qxf5 19. O-O-O Bh6+ 20. Kb1 Qxf2
21. Bh3 Qxh2 22. Bf5 b4 23. Rh1 Qe2 24. Rde1 Qd2 25. Rd1 Qe3 26. Rde1 Qxg3 27.
Reg1 Qf2 28. Rf1 Qe2 29. Re1 Qd2 30. Rd1 Qg5 31. Rdg1 Qf6 32. Rg6 Qf7 33. Rgxh6
a5 34. Rh7 Qg8 35. Rh8 Qg2 36. R8h2 1-0

[Event "Caelum"]
[Site "http://www.queenalice.com/game.php?id=1212440"]
[Date "2013.8.28"]
[Round "3"]
[White "mizuta"]
[Black "csokol"]
[Result "1-0"]
[WhiteElo "1444"]
[BlackElo "1165"]

1. e4 e5 2. Nf3 f6 3. d4 exd4 4. Nxd4 Nc6 5. Bf4 Bd6 6. g3 Bxf4 7. gxf4 Qe7 8.
Qd3 f5 9. Nxf5 Qe6 10. Nxg7+ Kf7 11. f5 Qf6 12. Nh5 1-0

[Event "Challenge"]
[Site "http://www.queenalice.com/game.php?id=1221110"]
[Date "2013.9.30"]
[Round "-"]
[White "mizuta"]
[Black "leandro10"]
[Result "1-0"]
[WhiteElo "1425"]
[BlackElo "1498"]

1. e4 e5 2. d3 Qf6 3. Nc3 Bc5 4. Nh3 d6 5. g4 Nh6 6. g5 Bg4 7. gxf6 Bxd1 8. fxg7
Rg8 9. Bxh6 Bxc2 10. Ng5 Bb4 11. Nxh7 Bxc3+ 12. bxc3 Nd7 13. Kd2 Ba4 14. Bh3
O-O-O 15. Nf6 Rh8 16. gxh8=Q Rxh8 17. Bxd7+ Bxd7 18. Be3 c5 19. Rag1 Kc7 20. Rg7
Be6 21. a4 Rh6 22. Bxh6 1-0

[Event "Let's Play Chess!"]
[Site "http://www.queenalice.com/game.php?id=1223417"]
[Date "2013.10.10"]
[Round "-"]
[White "carlosufpe"]
[Black "mizuta"]
[Result "1-0"]
[WhiteElo "1547"]
[BlackElo "1433"]

1. d4 d5 2. e3 Nf6 3. Nf3 Nc6 4. Bb5 a6 5. Bxc6+ bxc6 6. O-O Bf5 7. Nc3 Qd6 8.
b3 Be4 9. Nxe4 dxe4 10. Nd2 e6 11. Bb2 h5 12. Nc4 Qe7 13. Nd2 Qd6 14. c4 Ng4 15.
g3 f5 16. h3 Nf6 17. d5 cxd5 18. Bxf6 gxf6 19. Qc2 Qe5 20. cxd5 exd5 21. f4 exf3
22. Nxf3 Qxe3+ 23. Kg2 Rg8 24. Qxc7 f4 25. Rfe1 Rxg3+ 26. Kh2 Rxf3 27. Rxe3+
fxe3 28. Qc6+ Ke7 29. Qxa8 e2 30. Kg2 Re3 31. Kf2 d4 32. Re1 Bh6 33. Rxe2 Bf4
34. Rxe3+ dxe3+ 35. Kf3 Bh6 36. Qb7+ Kd6 37. Qxa6+ Ke5 38. Qb5+ Kd4 39. Qxh5 Bg5
40. Qg4+ Kd3 41. Qd7+ Kc2 42. b4 Kb2 43. Qa4 Bh6 44. Qb3+ Ka1 45. Qa4 f5 46. b5
f4 47. b6 Bf8 48. b7 Bd6 49. Qb3 Be5 50. a4 Bc7 51. a5 Bd6 52. a6 Bb8 53. Qg8
Ba7 54. Qa8 e2 55. Kxe2 f3+ 56. Kxf3 Ka2 57. Qxa7 Ka3 58. Qb6 Ka4 59. a7 1-0

[Event "Challenge"]
[Site "http://www.queenalice.com/game.php?id=1223790"]
[Date "2013.10.11"]
[Round "-"]
[White "leandro10"]
[Black "mizuta"]
[Result "1-0"]
[WhiteElo "1454"]
[BlackElo "1449"]

1. e4 d5 2. e5 d4 3. d3 Nc6 4. f4 e6 5. Nh3 f5 6. Ng5 h6 7. Qh5+ Kd7 8. Qf7+ Qe7
9. Qxe7+ Bxe7 10. Nf3 Nb4 11. Na3 b6 12. Nxd4 Bb7 13. c3 c5 14. Ne2 Nxd3+ 15.
Kd2 Nxc1 16. Rxc1 Rd8 17. Rd1 Ke8+ 18. Kc1 g5 19. Rxd8+ Bxd8 20. fxg5 Bxg5+ 21.
Kb1 Ne7 22. Nb5 Be4+ 23. Ka1 Nd5 24. Nxa7 Ne3 25. b3 Rh7 26. Nb5 Nc2+ 27. Kb2
Bd2 28. Nd6+ Kf8 29. Nc4 Bf4 30. Nxb6 Bxe5 31. Nd7+ Rxd7 32. Ng3 Rd1 33. Nxe4
fxe4 34. Kxc2 Ra1 35. a4 e3 36. Kd3 Re1 37. g4 e2 38. Bxe2 Rxh1 39. a5 Ra1 40.
b4 cxb4 41. cxb4 Ra3+ 42. Kc4 Bd6 43. Kb5 e5 44. a6 Ra2 45. Bc4 e4 46. Bxa2 e3
47. a7 e2 48. a8=Q+ Ke7 49. Qe4+ 1-0

[Event "Let's Play !"]
[Site "http://www.queenalice.com/game.php?id=1226503"]
[Date "2013.10.23"]
[Round "-"]
[White "digger"]
[Black "mizuta"]
[Result "1-0"]
[WhiteElo "1576"]
[BlackElo "1406"]

1. c3 d5 2. d4 Nf6 3. Bg5 e6 4. Nf3 Nc6 5. Qa4 h6 6. Be3 Bd6 7. Nbd2 O-O 8. g3
Ne4 9. Nxe4 dxe4 10. Nd2 f5 11. Nc4 a6 12. a3 b5 13. Qb3 bxc4 14. Qxc4 Qd7 15.
d5 Nd8 16. O-O-O c6 17. dxe6 Nxe6 18. Bc5 Rf7 19. Bxd6 Qb7 20. Be5 c5 21. Bg2
Qb6 22. f3 Rb7 23. Rd8+ Qxd8 24. fxe4 Rb6 25. Rd1 Qg5+ 26. Kb1 f4 27. Bc7 fxg3
28. Bxg3 Kh8 29. Rd5 Qe3 30. Bf3 Ra7 31. b4 Qg1+ 32. Kc2 a5 33. Rd1 Qe3 34. Rd3
Qg1 35. Rd1 Qe3 36. Qd3 Qg5 37. bxc5 Nxc5 38. Qd4 Be6 39. Rb1 Bb3+ 40. Rxb3 Rxb3
41. a4 Rab7 42. h4 Rb2+ 43. Kd1 Qc1+ 44. Kxc1 Rb1+ 45. Kd2 Nb3+ 46. Ke3 Nxd4 47.
Kxd4 Rd1+ 48. Ke3 Rb3 49. Be5 Ra3 50. Kf2 Rxa4 51. e3 Ra2+ 52. Kg3 a4 53. Bxd1
a3 54. c4 Rd2 55. Bb3 Rd3 56. Ba2 Rxe3+ 57. Kf4 Rh3 58. Kg4 Rh2 59. Bxh2 1-0

[Event "l"]
[Site "http://www.queenalice.com/game.php?id=1228267"]
[Date "2013.10.29"]
[Round "-"]
[White "leandro10"]
[Black "mizuta"]
[Result "1-0"]
[WhiteElo "1473"]
[BlackElo "1422"]

1. e4 d5 2. e5 d4 3. d3 Nc6 4. f4 e6 5. Nf3 g6 6. a3 Bg7 7. c4 dxc3 8. Nxc3 Nge7
9. d4 Nf5 10. Bb5 O-O 11. Bxc6 bxc6 12. g4 Ne7 13. Bd2 Nd5 14. h4 Ba6 15. Qa4
Qb8 16. Qxa6 Nxc3 17. Bxc3 Qb3 18. Qxc6 Rfc8 19. Qd7 Qc2 20. Ng5 Qg2 21. Qxf7+
Kh8 22. O-O-O Qxg4 23. Nxe6 Re8 24. Qxg7# 1-0

[Event "mesa 26"]
[Site "http://www.queenalice.com/game.php?id=1230809"]
[Date "2013.11.7"]
[Round "-"]
[White "Herbert_Paulo"]
[Black "mizuta"]
[Result "1-0"]
[WhiteElo "1941"]
[BlackElo "1397"]

1. e4 e5 2. Nf3 d6 3. Bc4 b6 4. O-O Bb7 5. Nc3 Nf6 6. Bd3 Nbd7 7. Qe2 Nc5 8.
Bb5+ c6 9. Bd3 g6 10. Nd1 Bh6 11. a3 a5 12. Ne3 O-O 13. Ne1 Nfxe4 14. Nf3 Qf6
15. Ng4 Qf4 16. Nxh6+ Qxh6 17. Bxe4 f5 18. d4 Qh5 19. dxc5 fxe4 20. Qxe4 bxc5
21. Ng5 Rae8 22. Nh3 d5 23. Qe3 d4 24. Qg5 Qe2 25. Qd2 Qb5 26. Qd3 Qb6 27. Bh6
Ba6 28. c4 dxc3 29. Qxc3 Rf5 30. Rfd1 Rh5 31. Be3 Rf8 32. Bxc5 Qb5 33. Bxf8 Kxf8
34. Qf3+ Rf5 35. Qe3 Qxb2 36. Rdb1 Qd4 37. Qh6+ Kf7 38. Qxh7+ Kf6 39. Qh8+ Ke6
40. Qe8+ Kf6 41. Rd1 Bd3 42. Qxc6+ Kf7 43. Qc7+ Kf6 44. Qxa5 g5 45. Qb4 Bc2 46.
Qf8+ 1-0

[Event "Challenge"]
[Site "http://www.queenalice.com/game.php?id=1231793"]
[Date "2013.11.12"]
[Round "-"]
[White "gedalias"]
[Black "mizuta"]
[Result "1-0"]
[WhiteElo "1973"]
[BlackElo "1408"]

1. e4 d5 2. exd5 Qxd5 3. Nc3 Qe6+ 4. Nge2 c5 5. d3 Nd7 6. Ne4 f6 7. Nf4 Qf7 8.
Qe2 e5 9. g3 exf4 10. Nd6+ Kd8 11. Nxf7+ Kc7 12. Bxf4+ Kc6 13. Bg2+ Kb6 14. Qe6+
Ka5 15. Bd2+ Ka4 16. Qb3# 1-0

[Event "Minuta x Gedalias"]
[Site "http://www.queenalice.com/game.php?id=1232904"]
[Date "2013.11.16"]
[Round "-"]
[White "mizuta"]
[Black "gedalias"]
[Result "0-1"]
[WhiteElo "1395"]
[BlackElo "1988"]

1. e4 c5 2. b3 e5 3. Bc4 Nf6 4. d3 Nc6 5. Nf3 h6 6. Bb2 d6 7. Nc3 Bg4 8. Nd5 Nh5
9. h3 Bxf3 10. Qxf3 Nf6 11. O-O-O Be7 12. Qg3 O-O 13. f3 Nd4 14. Rhe1 Nh5 15.
Qf2 Bg5+ 16. Ne3 Bf4 17. h4 Bg3 18. Qf1 Nf4 19. Bxd4 cxd4 0-1